<?xml version="1.0" encoding="UTF-8"?><?xml-stylesheet type="text/xsl" href="static/style.xsl"?><OAI-PMH xmlns="http://www.openarchives.org/OAI/2.0/" xmlns:xsi="http://www.w3.org/2001/XMLSchema-instance" xsi:schemaLocation="http://www.openarchives.org/OAI/2.0/ http://www.openarchives.org/OAI/2.0/OAI-PMH.xsd"><responseDate>2026-06-07T15:50:57Z</responseDate><request verb="GetRecord" identifier="oai:docta.ucm.es:20.500.14352/100101" metadataPrefix="marc">https://docta.ucm.es/rest/oai/request</request><GetRecord><record><header><identifier>oai:docta.ucm.es:20.500.14352/100101</identifier><datestamp>2025-09-04T15:21:01Z</datestamp><setSpec>com_20.500.14352_14</setSpec><setSpec>col_20.500.14352_15</setSpec></header><metadata><record xmlns="http://www.loc.gov/MARC21/slim" xmlns:dcterms="http://purl.org/dc/terms/" xmlns:xsi="http://www.w3.org/2001/XMLSchema-instance" xmlns:doc="http://www.lyncode.com/xoai" xsi:schemaLocation="http://www.loc.gov/MARC21/slim http://www.loc.gov/standards/marcxml/schema/MARC21slim.xsd">
   <leader>00925njm 22002777a 4500</leader>
   <datafield ind2=" " ind1=" " tag="042">
      <subfield code="a">dc</subfield>
   </datafield>
   <datafield ind2=" " ind1=" " tag="720">
      <subfield code="a">Senra Gabriel Y Galán, José Luis</subfield>
      <subfield code="e">author</subfield>
   </datafield>
   <datafield ind2=" " ind1=" " tag="260">
      <subfield code="c">2021</subfield>
   </datafield>
   <datafield ind2=" " ind1=" " tag="520">
      <subfield code="a">Una vez reunificados los reinos de León, Galicia y Castilla, durante el último tercio del siglo XI el eje territorial comprendido entre los Pirineos y la vertiente atlántica experimentó profundos cambios en todos los órdenes. Dentro de un contexto de reforma gregoriana la autoridad ejercida por el rey Alfonso VI fue fundamental para que importantes cambios se impusieran. Por su parte, tanto obispos como abades establecieron reformas internas entre las cuales el cambio de rito litúrgico fue la de mayor importancia y dificultad. En riguroso paralelo y de modo más o menos simultáneo las estructuras arquitectónicas autóctonas comenzaron a ser sustituidas por otras más espaciosas y complejas. Sin embargo, se produjeron excepciones. A la luz de ese contexto, en este trabajo se analizarán las que probablemente fueron más poderosas instituciones de fines del siglo XI: la catedral de Santiago de Compostela (A Coruña) y la abadía de los Santos Facundo y Primitivo de Sahagún (León).</subfield>
   </datafield>
   <datafield ind1="8" ind2=" " tag="024">
      <subfield code="a">Senra, José Luis. «VISUALIZANDO FORMAS, ESPACIOS Y CONTENIDOS EN LA RUTA JACOBEA: COMPOSTELA Y SAHAGÚN EN TRES DÉCADAS PRODIGIOSAS (1080-1110)». Quintana: revista do Departamento de Historia da Arte, n.o 20 (31 de diciembre de 2021). https://doi.org/10.15304/quintana.20.8070.</subfield>
   </datafield>
   <datafield ind1="8" ind2=" " tag="024">
      <subfield code="a">1579-7414</subfield>
   </datafield>
   <datafield ind1="8" ind2=" " tag="024">
      <subfield code="a">10.15304/quintana.20.8070</subfield>
   </datafield>
   <datafield ind1="8" ind2=" " tag="024">
      <subfield code="a">https://hdl.handle.net/20.500.14352/100101</subfield>
   </datafield>
   <datafield ind1="8" ind2=" " tag="024">
      <subfield code="a">2340-0005</subfield>
   </datafield>
   <datafield ind1="8" ind2=" " tag="024">
      <subfield code="a">https://www.doi.org/10.15304/quintana.20.8070</subfield>
   </datafield>
   <datafield ind1="8" ind2=" " tag="024">
      <subfield code="a">https://revistas.usc.gal/index.php/quintana/article/view/8070</subfield>
   </datafield>
   <datafield ind2="0" ind1="0" tag="245">
      <subfield code="a">Visualizando formas, espacios y contenidos en la ruta jacobea: Compostela y Sahagún en tres décadas prodigiosas (1080-1110)</subfield>
   </datafield>
</record></metadata></record></GetRecord></OAI-PMH>